CTA Blue line stations - Statistics

General Stats
  • This quiz has been taken 81 times
  • The average score is 25 of 33
Answer Stats
Station % Correct
O'Hare
98%
Rosemont
92%
Damen
89%
Forest Park
89%
Belmont
87%
Clark / Lake
87%
Montrose
87%
Addison
85%
Chicago
85%
California
83%
Jackson
83%
Harlem
81%
Harlem
81%
Irving Park
81%
Cumberland
79%
Logan Square
79%
UIC-Halsted
79%
Washington
79%
Western
79%
Western
79%
Jefferson Park
77%
Monroe
74%
Cicero
72%
Grand
72%
Division
68%
Illinois Medical District
66%
Oak Park
66%
Pulaski
60%
LaSalle
58%
Racine
57%
Austin
55%
Kedzie-Homan
55%
Clinton
51%
No matching quizzes found
Score Distribution
Percent of People with Each Score
Percentile by Number Answered
Your Score History
You have not taken this quiz